000
00268nam a22001217a 4500
082
_a
030
_b
TAN/N
100
_a
TANNER,OGDEN
245
_a
NEW ENGLAND WILDS
260
_a
NEW YORK
_b
TIME LIFE BOOKS
300
_a
184
650
_a
GENERAL KNOWLEDGE
_z
NEW YORK
942
_c
BK
999
_c
2949
_d
2949